000 00436nam a2200181Ia 4500
005 20250423094441.0
008 250422s9999 xx 000 0 und d
020 _a9788128785
050 _aKP 90 .A5/
100 _aAnyanwu, C. U.
245 3 _aAn outline of Nigerian criminal law
260 _aEnugu
260 _bKasimefuna Publications
260 _c2009
300 _a397 p
650 _aCriminal law- Nigeria
942 _cBK
999 _c27275
_d27275